000 00612nam a2200169Ia 4500
003 GCL
008 140319s9999 xx 000 0 ara d
040 _aGCL /
_cGCL
082 0 4 _aق
_b962.031
_bم ف
100 1 _aمحمد خليل عبدالخالق
245 1 0 _aفضل محمد على باشاالكبير :
_bفى انشاءالادارة الصحية وتعليم الطب فى مصر /
_cمحمد خليل عبدالخالق
260 _a[S.N] :
_bمطبعة لجنة التأليف والترجمة والنشر
300 _a388
490 _a
650 0 4 _aالطب المصرى
942 _2ddc
_cBK
999 _c58884
_d58884